| 000 | 00361nam a22001337a 4500 | ||
|---|---|---|---|
| 020 | _a8177581619 | ||
| 082 |
_222 _a005.1 |
||
| 100 | _aRumbaugh, James ...[et al.]. | ||
| 245 | _aThe unified modeling language reference manual 2 E / | ||
| 260 |
_aNew Delhi, _bPearson, _cc2006. |
||
| 300 |
_a739p. ; _bill. ; _c24 cm. |
||
| 700 | _aJacobson, Ivar, | ||
| 942 |
_2ddc _cIT |
||
| 999 |
_c1268 _d1268 |
||